नाना-नानी की कहानियां / (Record no. 170405)
[ view plain ]
| 000 -LEADER | |
|---|---|
| fixed length control field | 00864nam a22002057a 4500 |
| 005 - DATE AND TIME OF LATEST TRANSACTION | |
| control field | 20191217153957.0 |
| 010 ## - LCCN (DPL NO) | |
| LC control number | B-731275 |
| 020 ## - INTERNATIONAL STANDARD BOOK NUMBER | |
| International Standard Book Number | 9789380183084 |
| Terms of availability | 300.00 |
| 035 ## - SYSTEM CONTROL NUMBER | |
| System control number | B-731275 |
| 037 ## - SOURCE OF ACQUISITION | |
| Source of stock number/acquisition | डी.बी.ए.डी./ उपहार |
| 082 ## - DEWEY DECIMAL CLASSIFICATION NUMBER | |
| Classification number | क |
| 100 ## - MAIN ENTRY--PERSONAL NAME | |
| Personal name | निरूपमा |
| 245 ## - TITLE STATEMENT | |
| Title | नाना-नानी की कहानियां / |
| Statement of responsibility, etc | निरूपमा |
| 260 ## - PUBLICATION, DISTRIBUTION, ETC. (IMPRINT) | |
| Place of publication, distribution, etc | दिल्ली |
| Name of publisher, distributor, etc | ज्ञान गंगा |
| Date of publication, distribution, etc | 2018 |
| 270 ## - ADDRESS | |
| Address | 205-सी चावड़ी बाजार, |
| City | दिल्ली |
| Postal code | 110006 |
| 300 ## - PHYSICAL DESCRIPTION | |
| Extent | 96पृ़. |
| Other physical details | (सचित्र) |
| Dimensions | 24 सेमी. (सजिल्द) |
| 700 ## - ADDED ENTRY--PERSONAL NAME | |
| Personal name | निरुपमा |
| 9 (RLIN) | 39220 |
| 942 ## - ADDED ENTRY ELEMENTS (KOHA) | |
| Source of classification or shelving scheme | Dewey Decimal Classification |
| Item type | Children Books |
| Classification part | क |
| Call number suffix | निरूप |
| Withdrawn status | Lost status | Not for loan | Collection code | Home library | Current library | Date acquired | Source of acquisition | Cost, normal purchase price | Full call number | Barcode | Copy number | Cost, replacement price | Koha item type | Public note |
|---|---|---|---|---|---|---|---|---|---|---|---|---|---|---|
| Fiction | Kadipur | Kadipur | 13/12/2019 | उपहार/9.12.2019 | 300.00 | क निरूप | B-731275 | 1 | 300.00 | Children Books | उपहार |
